Vocational Education and Training in the Age of Digitization (Record no. 20926)
[ view plain ]
| 000 -LEADER | |
|---|---|
| fixed length control field | 00717nam a2200121Ia 4500 |
| 008 - FIXED-LENGTH DATA ELEMENTS--GENERAL INFORMATION | |
| fixed length control field | 220616s9999||||xx |||||||||||||| ||und|| |
| 245 #0 - TITLE STATEMENT | |
| Title | Vocational Education and Training in the Age of Digitization |
| Remainder of title | Challenges and Opportunities |
| 546 ## - LANGUAGE NOTE | |
| Language note | English[eng] |
| 650 ## - SUBJECT ADDED ENTRY--TOPICAL TERM | |
| Topical term or geographic name entry element | Arbeitswelt; berufliche Bildung und Ausbildung; digital media; digitale Medien; Digitalisierung; digitalization; instructional technology; learning in the digital age; Lernen im digitalen Zeitalter; Unterrichtstechnologie; vocational education and training; world of work |
| 700 ## - ADDED ENTRY--PERSONAL NAME | |
| Personal name | Wuttke, Eveline||Seifried, Jürgen||Niegemann, Helmut M. |
| 856 ## - ELECTRONIC LOCATION AND ACCESS | |
| Uniform Resource Identifier | <a href="https://library.oapen.org/bitstream/20.500.12657/42706/1/9783847413356.pdf">https://library.oapen.org/bitstream/20.500.12657/42706/1/9783847413356.pdf</a> |
| 942 ## - ADDED ENTRY ELEMENTS (KOHA) | |
| Koha item type | E-Books |
| Withdrawn status | Lost status | Damaged status | Not for loan | Home library | Current library | Date acquired | Total Checkouts | Date last seen | Price effective from | Koha item type |
|---|---|---|---|---|---|---|---|---|---|---|
| Kerala University of Digital Sciences, Innovation and Technology Knowledge Centre | Kerala University of Digital Sciences, Innovation and Technology Knowledge Centre | 16/06/2022 | 16/06/2022 | 16/06/2022 | E-Books |